000 00772nam a2200229 a 4500
001 1516
003 BR-CuiBMT
005 20231213213044.0
008 231205s2008 mtba 000 0 por d
020 _a9788587226808
040 _aBR-CuiBMT
_cBR-CuiBMT
080 _a929:82
_x(817.2)
_22007
090 _a929:82(817.2)
_bF866b
100 1 _aFreire, Daniela
245 1 0 _aBugrinho :
_bque menino é esse ?
_cDaniela Freire ; ilustrado por Marcelo Velasco.
260 _aCuiabá :
_bEntrelinhas,
_c2008.
300 _a63 p. :
_bil., color. ;
_c27 cm
600 1 _aFreire, Silva,
_d1928-1991
_cLiteratura infantojuvenil
650 _aPoetas brasileiros
_xBiografia
_xLiteratura infantojuvenil
_zMato Grosso
650 _aEscritores mato-grossenses
_xBiografia
942 _2udc
_cLV
999 _c1516
_d1516